A ilha encantada : versão para jovens de A tempestade de William Shakespeare /

Guardado en:
Detalles Bibliográficos
Autor principal: Correia, Hélia (autor)
Formato: Libro
Idioma:Portugués
Publicado: Lisboa, Portugal : Relógio D'Agua, 2017, c2008
Colección:(Ficção Portuguesa ; 30)
Temas:
Etiquetas: Agrega una etiqueta
Sin etiquetas, Sé el primero en etiquetar este registro!

MARC

LEADER 00000nam^a2200000^a^4500
001 000410894
005 20250521000000.0
009 20260310122058.626
020 |a 978-989-641-023-0 
037 |a Acervo ITESO - Biblioteca 
041 |a POR 
082 |a 869.  |b COR 
100 |a Correia, Hélia  |e (autor) 
240 1 3 |a [La tempestad] 
245 1 2 |a A ilha encantada :  |b versão para jovens de A tempestade de William Shakespeare /  |c H. Correia. 
264 4 |a Lisboa, Portugal :  |b Relógio D'Agua,  |c 2017, c2008 
300 |a 134 p. 
336 |a texto  |b txt  |2 rdacontenido 
337 |a sin mediación  |b n  |2 rdamedio 
338 |a volumen  |b nc  |2 rdasoporte 
440 1 |a (Ficção Portuguesa ;  |v 30) 
521 |a FIL 2018 DIA 
545 0 |a Hélia Correia (Lisboa, 1949), escritora portuguesa. Formada en Filología Románica, su escritura refleja la vida cotidiana del ambiente rural, las relaciones humanas impregnadas por lo social y lo mágico. Entre sus novelas se encuentran El separar de las aguas (1982); El número de los vivos (1982); Insania (1996); Un bailarín en la batalla (2018); en teatro, La isla encantada (2008); en cuentos, Veinte peldaños (2014); y Doroteia (2014); son algunos de los títulos que le han conferido varios premios destacando el Premio Vergílio Ferreira en 2013 y el Camões en 2015, ambos por el conjunto de sus obras. 
586 |a Premio Camões 2015 
586 |a Premio Vergílio Ferreira 2013 
649 |a XX 
650 |a Teatro Portugués 
650 |a Literatura Portuguesa -  |y Siglo XXI 
650 |a Literatura de Mujeres -  |z Portugal 
650 |a Naufragios en la Literatura 
650 |a Islas en la Literatura 
650 |a Magia en la Literatura 
650 |a Mitología Clásica en la Literatura 
910 |a Fondo General 
920 |a Impresos - Libros 
930 |a Colección General 
940 |a Literatura 
905 |a 101 
901 |a 0500311428  |b IT1  |c LIT  |i C164089  |u 20250521 
902 |a https://opac.biblio.iteso.mx/vufind/Record/000410894